000 00572nam a2200205Ia 4500
003 GCL
008 140319s9999 xx 000 0 eng d
040 _aGCL /
_cGCL
082 0 4 _aC
_b910.0216
_bW S
100 1 _aRIAD, MOHAMED
245 1 0 _aSOUTH-EAST EGYPT (GEOGRAPH-ICAL ESSAYS) /
_cRIAD, MOHAMED
700 1 _aWEHEBA, ABDEL FATTAH
700 1 _aSETEHA, M.M.A.
260 _a[S.N] :
_bBEIRUT ARAB UNIVERSITY ،
_c1974
300 _a103 P
490 _aBEIRUT ARAB UNIVERSITY
_v0
650 0 4 _aEGYPT, SOUTH EAST
650 0 4 _aGEOGRAPHY - EGYPT
942 _2ddc
_cBK
999 _c19728
_d19728